书目信息 |
| 书名: | Calculus | |
| 作者: | Adams. | |
| 分册号: | ||
| 分册名: | 出版地: | Don Mills : |
|
| 出版社: | Addison-Wesley Pub.Ltd | |
| 出版时间: | 1995. | |
| 页数: | 660 p. ; | |
| 开本: | 29cm. | |
| 丛书名: | ||
| 中图分类号: | ||
| 科图分类号: | ||
| 其他分类号: | O15 | |
| 主题词: | ||
| 电子资源: | ||
| 000 | 00438nam 2200169 a 4500 | |
| 001 | E0158414555 | |
| 005 | 2001112816133386 | |
| 008 | 011128s1995 00010 eng | |
| 020 | @a0-201-82826-X. | |
| 040 | @aPFT@beng | |
| 090 | @aO15 | |
| 099 | @dO15@eA196 | |
| 245 | @aCalculus :@bSingle-Variable / @cAdams. | |
| 250 | @a3rd.ed. | |
| 260 | @aDon Mills :@bAddison-Wesley Pub.Ltd.,@c1995. | |
| 300 | @a660 p. ;@c29cm. | |
| 500 | @aIncludes Index. | |
| Calculus : : Single-Variable / / Adams.-3rd.ed.-Don Mills : : Addison-Wesley Pub.Ltd., , 1995. |
| 660 p. ; ; 29cm. |
| Includes Index. |
| ISBN 0-201-82826-X. |
| ● |
| 相关链接 |
|
|
|
正题名:Calculus
索取号:O15/A196
 
预约/预借
| 序号 | 登录号 | 条形码 | 馆藏地/架位号 | 状态 | 备注 |
| 1 | 0240 | 300002404 | 自科库401/401自科库 40排4列3层/ [索取号:O15/A196] | 在馆 | |
| 2 | 02892 | 300028921 | 自科库401/401自科库 40排4列3层/ [索取号:O15/A196] | 在馆 | |
| 3 | 02893 | 300028930 | 自科库401/401自科库 40排4列3层/ [索取号:O15/A196] | 在馆 | |
| 4 | 02894 | 300028949 | 自科库401/401自科库 40排4列3层/ [索取号:O15/A196] | 在馆 |